| 000 | 00948cam a22003250a 4500 | ||
|---|---|---|---|
| 001 | 882180 | ||
| 003 | OSt | ||
| 005 | 20140310184249.0 | ||
| 008 | 930303s1986 nyuab j 000 1 eng|5 | ||
| 010 | _z 85045508 | ||
| 020 | _a00694402371 | ||
| 020 | _a0397321694 (lib. bdg.) | ||
| 035 | _zU00015027147 | ||
| 040 |
_aACN _cACN _dUtOrBLW |
||
| 050 |
_aPZ 7 _b.N1384J 1986 |
||
| 100 | 1 |
_aNaidoo, Beverley. _926745 |
|
| 245 | 1 | 0 |
_aJourney to Jo'burg : _ba South African story / _cby Beverley Naidoo ; illustrations by Eric Velasquez. |
| 260 |
_a[New York] : _bHarperCollins, _c1986. |
||
| 300 |
_a80 p. : _bill., map ; _c24 cm. |
||
| 520 | _a | ||
| 521 | _aG5 | ||
| 526 | _c760 | ||
| 650 | 0 |
_aBlacks _zSouth Africa _vFiction. _926746 |
|
| 651 | 0 |
_aSouth Africa _xRace relations _vFiction. _926747 |
|
| 690 |
_aJuvenile. _919009 |
||
| 700 | 1 |
_aVelasquez, Eric. _926748 |
|
| 942 |
_2lcc _cBK-SCHOLAS |
||
| 999 |
_c33350 _d33350 |
||